Birth Month Flowers - Statistics

General Stats
  • This quiz has been taken 36 times
  • The average score is 4 of 12
Answer Stats
Month Flower % Correct
June Rose
100%
April Daisy
70%
October Marigold
45%
January Carnation
40%
March Daffodil
40%
November Chrysanthemum
35%
February Violet
30%
May Lilly of the Valley
25%
September Aster
15%
July Larkspur
10%
August Gladiolus
0%
December Narcissus
0%
No matching quizzes found
Score Distribution
Percent of People with Each Score
Percentile by Number Answered
Your Score History
You have not taken this quiz